| 000 | 00961nas a2200313 4500 | ||
|---|---|---|---|
| 001 | BR2015003194 | ||
| 003 | BR-BrBNA | ||
| 005 | 20231205125351.0 | ||
| 007 | ta | ||
| 008 | 230509b bl.|||p| |||| 00| 00por d | ||
| 040 |
_aBR-BrBNA _bpor _cBiblioteca Nacional de Agricultura |
||
| 041 | _a(Pt) | ||
| 072 | _aK10; F50 | ||
| 100 | 1 | _aMatos, F. dos S. | |
| 100 | 1 | _aNunes, Y.R.F. | |
| 100 | 1 | _aSilva, M.A.P. | |
| 100 | 1 | _aOliveira, I. de S. | |
| 245 | 1 | _aVariação biométrica de diásporos de buriti (Mauritia flexuosa L.F. - Arecaceae)em veredas em diferentes estágios de conservação | |
| 650 | _aBURITI | ||
| 650 | _aBIOMETRIA | ||
| 650 | _aSEMENTE | ||
| 650 | _aFRUTO | ||
| 650 | _aMANEJO | ||
| 650 | _aANATOMIA VEGETAL | ||
| 650 | _aIMPACTO AMBIENTAL | ||
| 773 | 0 |
_tCiência Florestal (Brazil) _xISSN 0103-9954 _g(Oct-Dec 2014), v. 24(4) p. 833-842 _wBR2015003194 |
|
| 909 |
_a202311 _bLúcia _c55 _dLúcia Elande |
||
| 942 |
_2AGRIS _n0 _cANA |
||
| 999 |
_c244006 _d244006 |
||